Resolving Bank Failures and Institutions : Is there a Link? Some Empirical Evidence /

Policymakers across countries have been seeking to strengthen the institutional framework to control fiscal costs and feedback effects to the real economy generated by bank failures. On a cross-section of countries, we find evidence that suggests that bank supervisors' intervention in bank fail...

Descrizione completa

Dettagli Bibliografici
Autore principale: Rawlins, Marlon
Altri autori: Zanforlin, Luisa
Natura: Periodico
Lingua:English
Pubblicazione: Washington, D.C. : International Monetary Fund, 2021.
Serie:IMF Working Papers; Working Paper ; No. 2021/211
Soggetti:
Accesso online:Full text available on IMF
LEADER 01923cas a2200313 a 4500
001 AALejournalIMF022365
008 230101c9999 xx r poo 0 0eng d
020 |c 5.00 USD 
020 |z 9781513590837 
022 |a 1018-5941 
040 |a BD-DhAAL  |c BD-DhAAL 
100 1 |a Rawlins, Marlon. 
245 1 0 |a Resolving Bank Failures and Institutions :   |b Is there a Link? Some Empirical Evidence /  |c Marlon Rawlins, Luisa Zanforlin. 
264 1 |a Washington, D.C. :  |b International Monetary Fund,  |c 2021. 
300 |a 1 online resource (29 pages) 
490 1 |a IMF Working Papers 
500 |a <strong>Off-Campus Access:</strong> No User ID or Password Required 
500 |a <strong>On-Campus Access:</strong> No User ID or Password Required 
506 |a Electronic access restricted to authorized BRAC University faculty, staff and students 
520 3 |a Policymakers across countries have been seeking to strengthen the institutional framework to control fiscal costs and feedback effects to the real economy generated by bank failures. On a cross-section of countries, we find evidence that suggests that bank supervisors' intervention in bank failures may be positively associated with some aspects of the administrative and regulatory framework. Our results appear to hold also during times of financial instability. Finally, we find some evidence that the same institutional features may be associated with lower fiscal outlays during banking crises. 
538 |a Mode of access: Internet 
650 7 |a Banks  |2 imf 
650 7 |a Depository Institutions  |2 imf 
650 7 |a Financial Institutions and Services  |2 imf 
650 7 |a Micro Finance Institutions  |2 imf 
650 7 |a Mortgages  |2 imf 
700 1 |a Zanforlin, Luisa. 
830 0 |a IMF Working Papers; Working Paper ;  |v No. 2021/211 
856 4 0 |z Full text available on IMF  |u http://elibrary.imf.org/view/journals/001/2021/211/001.2021.issue-211-en.xml  |z IMF e-Library